000 00919nam a22002897a 4500
003 CHAP
005 20220329135256.0
008 971013s1979 r 00010 d
010 _a33668
011 _a34640
035 _a38756
040 _cCHAP
082 _a631.7
_bM42
100 0 0 _aMedina San Juan, José Antonio.
_974031
245 _aRiego por goteo
_b: teoría y prácticas
260 _aMadrid :
_bMundi-Prensa,
_c1979
300 _a205 p.
_b: ilus. ; gráfs
590 _aBATCH-UPD
_b10
_c20130110
_lUCH01
_h1120
590 _aBATCH-UPD
_b10
_c20130410
_lUCH01
_h0710
590 _aBATCH-UPD
_b10
_c20130914
_lUCH01
_h2004
590 _aCONVERSION
_b10
_c20130109
_lUCH01
_h1319
650 1 4 _aRiego por goteo.
_997380
901 _aBK
942 _cLIBRO
949 _a631.7 M42
_bBC
_cLIBRO
_d-88574
_eLIBRO
_h17560
_i38756
_si
_t510.00
949 _a631.7 M42
_bBC
_cLIBRO
_d-88575
_eLIBRO
_fc.2
_h17561
_i38756
_si
_t510.00
999 _c33668
_d33668